CW Flash Quiz - Statistics

General Stats
  • This quiz has been taken 190 times
  • The average score is 8 of 15
Answer Stats
Hint Answer % Correct
The Flash Barry Allen
100%
Reverse Flash (Real Name) Eobard Thawne
88%
Vibe Cisco Ramon
87%
Killer Frost Caitlin Snow
80%
Captain Cold Leonard Snart
71%
The Thinker Clifford DeVoe
57%
Cobalt Blue Eddie Thawne
52%
Zoom (Real Name) Hunter Zolomon
50%
Heat Wave Mick Rory
39%
Elongated man Ralph Dibney
34%
Savitar (what is he) Time Remnant
32%
Pied Piper Hartley Rathaway
25%
Chill Blaine Mark Blaine
24%
Ultra Violet Esperanza Garcia
16%
Cicada Orlin Dwyre
5%
No matching quizzes found
Score Distribution
Percent of People with Each Score
Percentile by Number Answered
Your Score History
You have not taken this quiz